000 00605nam a2200229Ia 4500
003 OSt
005 20220926044716.0
006 a|||||r|||| 00| 0
007 ta
008 220923b |||||||| |||| 00| 0 eng d
037 _cGeneral Book
040 _aRTL
_cRTL
_beng
041 _2eng
_aeng
082 _aVv2.N5, K1
100 _aPhilips C H Ed.
245 0 _aHistorians of India, Pakistan and Ceylon
260 _c1961
500 _aHistorical writing on the peoples of Asia
650 _aHistory
942 _hVv2.N5, K1
_cGB
_2CC
999 _c675587
_d675587